000 00408pab a2200157 454500
008 180718b2012 xxu||||| |||| 00| 0 eng d
100 _aSharma, Bhuvnesh
245 _aTotal knowledge to achieve the highest ideal in the field of higher education
260 _c2012
300 _ap.35-38.
362 _a22 Oct
650 _aHigher education
773 _aUniversity News
908 _aN
909 _a97810
999 _c97809
_d97809